Top 10 du Tour des Flandres de 2010-2019 - Statistiques

Statistiques générales
  • Ce quiz a été pris 16 fois
  • Le résultat moyen est 56 sur 100
Statistiques - réponses
Année Classement Réponse Team Nationalité % Correct
2010 1 Fabian Cancellara Team Saxo Bank-Tinkoff Bank Suisse
93%
3 Fabian Cancellara Team Leopard-Trek Suisse
93%
2013 1 Fabian Cancellara Radishack-Leopard Suisse
93%
2014 1 Fabian Cancellara Trek-Segafredo Suisse
93%
2 Fabian Cancellara Trek-Segafredo Suisse
93%
4 Greg Van Avermaet BMC Racing Team Belgique
93%
7 Greg Van Avermaet BMC Racing Team Belgique
93%
2 Greg Van Avermaet BMC Racing Team Belgique
93%
3 Greg Van Avermaet BMC Racing Team Belgique
93%
2 Greg Van Avermaet BMC Racing Team Belgique
93%
5 Greg Van Avermaet BMC Racing Team Belgique
93%
10 Greg Van Avermaet CCC Team Belgique
93%
7 Oliver Naesen AG2R La Mondiale Belgique
93%
5 Peter Sagan Liquigas-Cannondale Slovaquie
93%
2 Peter Sagan Cannondale Slovaquie
93%
4 Peter Sagan Tinkoff-Saxo Slovaquie
93%
2016 1 Peter Sagan Tinkoff Slovaquie
93%
6 Peter Sagan Bora-Hansgrohe Slovaquie
93%
3 Philippe Gilbert Omega Pharma-Lotto Belgique
93%
9 Philippe Gilbert Omega Pharma-Lotto Belgique
93%
2017 1 Philippe Gilbert Quick-Step Floors Belgique
93%
3 Philippe Gilbert Quick-Step Floors Belgique
93%
6 Niki Terpstra Omega Pharma-Quick Step Pays-Bas
87%
6 Niki Terpstra Omega Pharma-Quick Step Pays-Bas
87%
2 Niki Terpstra Etixx-Quick Step Pays-Bas
87%
10 Niki Terpstra Etixx-Quick Step Pays-Bas
87%
3 Niki Terpstra Quick-Step Floors Pays-Bas
87%
2018 1 Niki Terpstra Quick-Step Floors Pays-Bas
87%
2 Tom Boonen Quick-Step Belgique
87%
4 Tom Boonen Quick-Step Belgique
87%
2012 1 Tom Boonen Omega Pharma-Quick Step Belgique
87%
7 Tom Boonen Omega Pharma-Quick Step Belgique
87%
4 Alexander Kristoff Katusha-Alpecin Norvège
80%
5 Alexander Kristoff Katusha-Alpecin Norvège
80%
2015 1 Alexander Kristoff Katusha-Alpecin Norvège
80%
4 Alexander Kristoff Katusha-Alpecin Norvège
80%
5 Alexander Kristoff Katusha-Alpecin Norvège
80%
3 Alexander Kristoff UAE Team Emirates Norvège
80%
2 Kasper Asgreen Deceuninck-Quick Step Danemark
80%
2 Mads Pedersen Trek-Segafredo Danemark
80%
4 Mathieu Van Der Poel Corendon-Circus Pays-Bas
80%
2 Sylvain Chavanel Quick-Step France
80%
10 Sylvain Chavanel Omega Pharma-Quick Step France
80%
9 Sylvain Chavanel Direct Énergie France
80%
2019 1 Alberto Bettiol EF Pro Cycling Italie
73%
9 Zdenek Stybar Etixx-Quick Step République Tchèque
73%
8 Zdenek Stybar Etixx-Quick Step République Tchèque
73%
10 Zdenek Stybar Quick-Step Floors République Tchèque
73%
8 Alejandro Valverde Movistar Team Espagne
67%
7 Jasper Stuyven Trek-Segafredo Belgique
60%
9 John Degenkolb Argos-Shimano Allemagne
60%
7 John Degenkolb Giant-Alpecin Allemagne
60%
7 John Degenkolb Trek-Segafredo Allemagne
60%
6 Michael Matthews Team Sunweb Australie
60%
9 Wout Van Aert Verandas Willems-Crelan Belgique
60%
10 Geraint Thomas Team Sky Grande-Bretagne
53%
8 Geraint Thomas Team Sky Grande-Bretagne
53%
3 Sep Vanmarcke Belkin Belgique
53%
3 Sep Vanmarcke Lotto.nl-Jumbo Belgique
53%
5 Nils Politt Katusha-Alpecin Allemagne
47%
2 Filippo Pozzato Farnese Vini-Selle Italia Italie
40%
8 Filippo Pozzato Wilier Triestina Italie
40%
4 Michael Valgren Astana Pro Team Danemark
40%
8 Thomas Voeckler Europcar France
40%
6 Lars Boom Astana Pro Team Pays-Bas
33%
2011 1 Nick Nuyens Saxo Bank Sungard Belgique
33%
5 Sebastian Langeveld Rabobank Pays-Bas
33%
10 Sebastian Langeveld Orica-Scott Pays-Bas
33%
10 Sebastian Langeveld Garmin-Sharp Pays-Bas
33%
10 Sonny Colbrelli Bahrain-Merida Italie
33%
3 Alessandro Ballan BMC Racing Team Italie
27%
6 Dylan Van Baarle Cannondale-Drapac Pays-Bas
27%
4 Dylan Van Baarle Cannondale-Drapac Pays-Bas
27%
7 Imanol Erviti Movistar Team Espagne
27%
5 Luke Rowe Team Sky Grande-Bretagne
20%
5 Matthieu Ladagnous FDJ France
20%
8 Sébastien Turgot Europcar France
20%
5 Tiesj Benoot Lotto-Soudal Belgique
20%
8 Tiesj Benoot Lotto-Soudal Belgique
20%
9 Tiesj Benoot Lotto-Soudal Belgique
20%
6 Heinrich Haussler IAM Cycling Australie
13%
10 Martin Elmiger IAM Cycling Suisse
13%
5 Tyler Farrar Garmin-Transitions États-Unis
13%
4 Björn Leukemans Team Vacansoleil Belgique
7%
7 Björn Leukemans Vacansoleil-DCM Belgique
7%
9 Björn Leukemans Wanty-Gobert Belgique
7%
9 Danilo Hondo Lampre-Farnese Vini Allemagne
7%
9 Dimitri Claeys Wanty-Gobert Belgique
7%
6 George Hincapie BMC Racing Team États-Unis
7%
6 George Hincapie BMC Racing Team États-Unis
7%
3 Jurgen Roelandts Lotto-Belisol Belgique
7%
8 Jurgen Roelandts Lotto-Soudal Belgique
7%
7 Luca Paolini Katusha-Alpecin Italie
7%
9 Matti Breschel Rabobank Danemark
7%
7 Roger Hammond Team Cervelo Grande-Bretagne
7%
6 Sacha Modolo UAE Team Emirates Italie
7%
4 Stijn Vandenbergh Omega Pharma-Quick Step Belgique
7%
10 William Bonnet BBox Bouygues Telecom France
7%
8 Maxim Iglinskiy Astana-Premier Tech Kazakstan
0%
8 Staf Scheirlinckx Cerandas Willems-Accent Belgique
0%
Aucun quiz correspondant
Distribution des résultats
% des personnes avec chaque résultat
Percentile par nombre de réponses
Votre historique - résultats
Vous n’avez pas pris ce quiz